<?xml version="1.0" encoding="UTF-8"?><?xml-stylesheet type="text/xsl" href="static/style.xsl"?><OAI-PMH xmlns="http://www.openarchives.org/OAI/2.0/" xmlns:xsi="http://www.w3.org/2001/XMLSchema-instance" xsi:schemaLocation="http://www.openarchives.org/OAI/2.0/ http://www.openarchives.org/OAI/2.0/OAI-PMH.xsd"><responseDate>2026-06-07T18:59:59Z</responseDate><request verb="GetRecord" identifier="oai:docta.ucm.es:20.500.14352/62081" metadataPrefix="marc">https://docta.ucm.es/rest/oai/request</request><GetRecord><record><header><identifier>oai:docta.ucm.es:20.500.14352/62081</identifier><datestamp>2023-07-13T01:45:50Z</datestamp><setSpec>com_20.500.14352_14</setSpec><setSpec>col_20.500.14352_22</setSpec></header><metadata><record xmlns="http://www.loc.gov/MARC21/slim" xmlns:dcterms="http://purl.org/dc/terms/" xmlns:xsi="http://www.w3.org/2001/XMLSchema-instance" xmlns:doc="http://www.lyncode.com/xoai" xsi:schemaLocation="http://www.loc.gov/MARC21/slim http://www.loc.gov/standards/marcxml/schema/MARC21slim.xsd">
   <leader>00925njm 22002777a 4500</leader>
   <datafield ind2=" " ind1=" " tag="042">
      <subfield code="a">dc</subfield>
   </datafield>
   <datafield ind2=" " ind1=" " tag="720">
      <subfield code="a">Plaza Arranz, Javier</subfield>
      <subfield code="e">author</subfield>
   </datafield>
   <datafield ind2=" " ind1=" " tag="260">
      <subfield code="c">2002</subfield>
   </datafield>
   <datafield ind2=" " ind1=" " tag="520">
      <subfield code="a">Se obtiene la incidencia de malformaciones mayores en nuestra población, que alcanzo el 2% y se compara con la literatura, describiendo los diferentes tipos de malformaciones y su frecuencia, siendo las del sistema nervioso central las mas frecuentes. La asociación a cromosomopatías es del 20%, principalmente con las cardiacas. Mediante la ecografía fue posible el diagnostico del 71% de los casos. Las malformaciones del macizo facial son las más difíciles de diagnosticar. El coste beneficio es difícil de establecer, pero según nuestros resultados, la realización del diagnostico prenatal incrementa los costes de la asistencia al embarazo, parto y puerperio. Aunque según el diseño de nuestro trabajo, es imposible evaluar los costes generados por el recién nacido portador de un defecto congénito mayor.</subfield>
   </datafield>
   <datafield ind1="8" ind2=" " tag="024">
      <subfield code="a">978-84-8466-705-6</subfield>
   </datafield>
   <datafield ind1="8" ind2=" " tag="024">
      <subfield code="a">https://hdl.handle.net/20.500.14352/62081</subfield>
   </datafield>
   <datafield ind2="0" ind1="0" tag="245">
      <subfield code="a">Relación coste-beneficio del diagnóstico de las malformaciones congénitas</subfield>
   </datafield>
</record></metadata></record></GetRecord></OAI-PMH>